The pure clear word : essays on the poetry of James Wright /

Bibliographic Details
Other Authors: Smith, Dave, 1942-
Format: Book
Language:English
Published: Urbana : University of Illinois Press, [1982]
Subjects:

MARC

Tag First Indicator Second Indicator Subfields
LEADER 00000pam a2200000 a 4500
001 in00000098690
005 20150924085951.0
008 810401s1982 ilu b s00000 eng
010 |a  81002976  
020 |a 0252008766 
035 |a (OCoLC)07462831 
035 |9 AAK9799AM 
039 0 |a 2  |b 3  |c 3  |d 3  |e 3 
040 |a DLC  |c DLC  |d TXA  |d UtOrBLW 
049 |a TXAM  |c [985905] 
050 0 0 |a PS3545 R58  |b  Z8 1982 
082 0 |a 811/.54  |2 19 
245 0 4 |a The pure clear word :  |b essays on the poetry of James Wright /  |c  edited by Dave Smith. 
264 1 |a Urbana :  |b University of Illinois Press,  |c [1982] 
264 4 |c ©1982 
300 |a xxviii, 260 pages ;  |c 24 cm. 
336 |a text  |b txt  |2 rdacontent 
337 |a unmediated  |b n  |2 rdamedia 
338 |a volume  |b nc  |2 rdacarrier 
504 |a Bibliography: pages 247-257. 
505 0 |a James Wright / Dave Smith -- A foreword to James Wright's The green wall / W.H. Auden -- In the mode of Robinson and Frost / Henry Taylor -- James Wright / Peter Stitt -- The work of James Wright / Robert Bly -- The continuity of James Wright's poems / William Matthews -- A world immeasurably alive and good / James Seay -- The rise and fall of James Wright / Edward Butscher -- Open secrets / Stephen Yenser -- The tradition of sadness and the American metaphysic / Leonard Nathan -- That halting, stammering movement / Dave Smith -- James Wright / Robert Hass -- James Wright / Miller Williams. 
600 1 0 |a Wright, James,  |d 1927-1980  |x Criticism and interpretation. 
700 1 |a Smith, Dave,  |d 1942- 
999 |a MARS 
999 f f |s 445ef830-614e-3ba8-8444-c8226070e04b  |i 6b33e5c5-254f-337e-bc75-58af61798d43  |t 0 
952 f f |p ric  |a Texas A&M University  |b Rellis Campus  |c Joint Library Facility  |d Remote Storage  |t 0  |e PS3545 R58 Z8 1982  |h Library of Congress classification  |i unmediated -- volume  |m A14806034868 
998 f f |a PS3545 R58 Z8 1982  |t 0  |l Remote Storage